[Event "TUR Cup										"]
[Site "Antalya"]
[Date "2018.01.28"]
[Round "2"]
[White "Yilmaz, Turhan"]
[Black "Ozturk, Efe Hakan"]
[Result "1-0"]
[WhiteElo "2248"]
[BlackElo "1847"]
[PlyCount "97"]
[EventDate "2018.01.27"]
[EventType "swiss"]
[EventRounds "11"]
[EventCountry "TUR"]
[SourceTitle "CBM 182 Extra"]
[Source "ChessBase"]
[SourceDate "2018.02.23"]
[SourceVersion "1"]
[SourceVersionDate "2018.02.23"]
[SourceQuality "1"]

1. d4 d5 2. c4 e6 3. Nc3 Nf6 4. Bg5 Be7 5. e3 Nbd7 6. Qc2 c6 7. Nf3 0-0 8. 0-0-0 a6 9. Ne5 Nxe5 10. dxe5 Nd7 11. Bxe7 Qxe7 12. f4 b5 13. cxd5 cxd5 14. Bd3 h6 15. Kb1 Nc5 16. Rc1 Nxd3 17. Qxd3 Bb7 18. Ne2 Rac8 19. Nd4 Rc4 20. b3 Rc7 21. Rxc7 Qxc7 22. Rc1 Qd7 23. Rc5 Rc8 24. Qc3 Kf8 25. Kb2 Ke8 26. Rxc8+ Qxc8 27. Qxc8+ Bxc8 28. Kc3 Kd8 29. Kb4 Kc7 30. Kc5 Bd7 31. g3 g6 32. g4 Be8 33. h4 Bd7 34. a3 Be8 35. f5 Bd7 36. f6 Be8 37. Ne2 a5 38. b4 axb4 39. axb4 Bd7 40. Nd4 Kd8 41. Nxb5 Ke8 42. Nd6+ Kf8 43. g5 hxg5 44. hxg5 Ba4 45. b5 Bxb5 46. Kxb5 Kg8 47. Kc6 Kf8 48. Kd7 Kg8 49. Ke7 1-0

[Event "TUR-ch"]
[Site "Kemer"]
[Date "2012.02.01"]
[Round "6"]
[White "Ererdem, Gani Eren"]
[Black "Yilmaz, Turhan"]
[Result "1/2-1/2"]
[WhiteElo "1966"]
[BlackElo "2254"]
[PlyCount "69"]
[EventDate "2012.01.29"]
[EventType "swiss"]
[EventRounds "10"]
[EventCountry "TUR"]
[SourceTitle "CBM 146 Extra"]
[Source "ChessBase"]
[SourceDate "2012.02.29"]
[SourceVersion "1"]
[SourceVersionDate "2012.02.29"]
[SourceQuality "1"]

1. d4 Nf6 2. Nf3 g6 3. c4 Bg7 4. Nc3 0-0 5. e4 d6 6. h3 e5 7. d5 Na6 8. Be2 Nc5 9. Qc2 a5 10. Bg5 h6 11. Be3 Nh5 12. g3 Bd7 13. Nd2 Qe8 14. 0-0-0 f5 15. Bxh5 gxh5 16. f3 Qg6 17. Rdg1 b6 18. g4 hxg4 19. hxg4 f4 20. Bf2 Bf6 21. Bh4 Bg5 22. Rg2 Kg7 23. Rgh2 Rh8 24. Nb3 Na6 25. Rh3 Rag8 26. Qh2 Qe8 27. Bxg5 hxg5 28. Rh7+ Rxh7 29. Qxh7+ Kf8 30. Rh6 Qe7 31. Qxe7+ Kxe7 32. Rh7+ Kd8 33. a3 Be8 34. Nd2 Bg6 35. Rh6 1/2-1/2

[Event "Tbilisi Municipality Cup"]
[Site "Tbilisi"]
[Date "2009.06.19"]
[Round "5"]
[White "Petrosian, Davit Gevorgi"]
[Black "Yilmaz, Turhan"]
[Result "1-0"]
[WhiteElo "2490"]
[BlackElo "2317"]
[PlyCount "113"]
[EventDate "2009.06.15"]
[EventType "swiss"]
[EventRounds "9"]
[EventCountry "GEO"]
[SourceTitle "CBM 130 Extra"]
[Source "ChessBase"]
[SourceDate "2009.07.02"]
[SourceVersion "2"]
[SourceVersionDate "2009.07.15"]
[SourceQuality "1"]

1. e4 e6 2. d4 d5 3. Nc3 Nf6 4. Bg5 Bb4 5. e5 h6 6. Bd2 Bxc3 7. bxc3 Ne4 8. Qg4 g6 9. Bc1 c5 10. Bd3 Nxc3 11. dxc5 Qa5 12. Bd2 Qa4 13. h3 h5 14. Qg5 Ne4 15. Qe3 Nc6 16. Nf3 Nxd2 17. Qxd2 Qa3 18. 0-0 Qxc5 19. Rab1 b6 20. Qf4 Bd7 21. Ng5 Qe7 22. c4 0-0 23. cxd5 exd5 24. Rfe1 f6 25. exf6 Qxf6 26. Qg3 Rae8 27. Nf3 Ne7 28. Ne5 Bf5 29. Bxf5 Qxf5 30. Rbc1 Rc8 31. Rxc8 Rxc8 32. Nf3 Qf6 33. Rxe7 Qxe7 34. Qxg6+ Kh8 35. Qxh5+ Qh7 36. Qxd5 Rc1+ 37. Kh2 Qc7+ 38. g3 Qc6 39. Qe5+ Kg8 40. Qb8+ Kg7 41. Qxa7+ Kf6 42. Qb8 Ke7 43. Qe5+ Kd8 44. Qg5+ Kc8 45. h4 Kb7 46. Qf4 Qc4 47. Qxc4 Rxc4 48. h5 Rc2 49. g4 Rxa2 50. h6 Ra8 51. g5 Rh8 52. Ne5 b5 53. Nf7 Ra8 54. g6 b4 55. h7 b3 56. Nd6+ Kc7 57. Nc4 1-0

[Event "TUR-ch"]
[Site "Safranbolu"]
[Date "2009.04.03"]
[Round "10"]
[White "Yilmazyerli, Mert"]
[Black "Yilmaz, Turhan"]
[Result "0-1"]
[WhiteElo "2224"]
[BlackElo "2324"]
[PlyCount "104"]
[EventDate "2009.03.25"]
[EventType "tourn"]
[EventRounds "13"]
[EventCountry "TUR"]
[SourceTitle "CBM 129 Extra"]
[Source "ChessBase"]
[SourceDate "2009.05.05"]
[SourceVersion "2"]
[SourceVersionDate "2009.05.20"]
[SourceQuality "1"]

1. e4 e6 2. b3 d5 3. Bb2 Nf6 4. e5 Nfd7 5. Qg4 Nc6 6. f4 b6 7. Nf3 Bb7 8. Bb5 a6 9. Bxc6 Bxc6 10. 0-0 g6 11. Nd4 Bb7 12. f5 h5 13. Qg3 gxf5 14. Nxf5 exf5 15. e6 Bc5+ 16. d4 Bd6 17. Qg7 Rf8 18. exd7+ Qxd7 19. Re1+ Kd8 20. Nd2 Kc8 21. Nf3 f4 22. a4 Kb8 23. Ba3 Bxa3 24. Rxa3 Ka7 25. Raa1 Rg8 26. Qe5 Qg4 27. Qe2 Rae8 28. Qf2 Re4 29. Kh1 f6 30. a5 b5 31. Nd2 h4 32. h3 Qg3 33. Qxg3 hxg3 34. Nf3 Rge8 35. Kg1 Re2 36. h4 Bc8 37. h5 Bg4 38. Rxe2 Rxe2 39. h6 Bxf3 40. gxf3 Rh2 41. c4 Rxh6 42. cxd5 Rh5 43. Rc1 Kb7 44. Rc5 Rh2 45. d6 cxd6 46. Rf5 Rb2 47. Rxf4 Rxb3 48. Kg2 Ra3 49. d5 Rxa5 50. Rxf6 Kc7 51. Kxg3 b4 52. Rf4 Rb5 0-1

[Event "TUR-ch"]
[Site "Safranbolu"]
[Date "2009.04.01"]
[Round "8"]
[White "Yagiz, Yasin Emrah"]
[Black "Yilmaz, Turhan"]
[Result "0-1"]
[WhiteElo "2316"]
[BlackElo "2324"]
[PlyCount "88"]
[EventDate "2009.03.25"]
[EventType "tourn"]
[EventRounds "13"]
[EventCountry "TUR"]
[SourceTitle "CBM 129 Extra"]
[Source "ChessBase"]
[SourceDate "2009.05.05"]
[SourceVersion "2"]
[SourceVersionDate "2009.05.20"]
[SourceQuality "1"]

1. c4 c5 2. Nf3 Nc6 3. g3 e5 4. Nc3 d6 5. Bg2 g6 6. 0-0 Bg7 7. d3 Nge7 8. Rb1 0-0 9. a3 a5 10. Bd2 f5 11. Ne1 f4 12. Nc2 g5 13. b4 cxb4 14. axb4 axb4 15. Ne4 b3 16. Rxb3 g4 17. Re1 h5 18. e3 f3 19. Bf1 h4 20. d4 hxg3 21. hxg3 Qe8 22. d5 Nd8 23. Nxd6 Qh5 24. e4 Bd7 25. Ne3 Kh7 26. Ndf5 Nxf5 27. exf5 e4 28. Rb6 Rh8 29. Ng2 fxg2 30. Bxg2 Bxf5 31. Be3 Bc3 32. Bd4 Bxe1 33. Qxe1 Re8 34. Bb2 Nf7 35. Rxb7 Rab8 36. Qc3 Qg6 37. Rc7 Rec8 38. Ra7 Rxb2 39. Qxb2 Rxc4 40. d6 Qg7 41. Qb5 Rc1+ 42. Bf1 Qf6 43. Kg2 Bg6 44. Be2 e3 0-1

[Event "TUR-ch op"]
[Site "Antalya"]
[Date "2008.02.05"]
[Round "4.4"]
[White "Buker, Muhittin"]
[Black "Yilmaz, Turhan"]
[Result "1/2-1/2"]
[WhiteElo "2166"]
[BlackElo "2348"]
[PlyCount "200"]
[EventDate "2008.02.04"]
[EventType "swiss"]
[EventRounds "11"]
[EventCountry "TUR"]
[SourceTitle "CBM 122 Extra"]
[Source "ChessBase"]
[SourceDate "2008.03.04"]
[SourceVersion "1"]
[SourceVersionDate "2008.03.04"]
[SourceQuality "1"]

1. d4 f5 2. c4 Nf6 3. Nc3 g6 4. f3 d6 5. Bg5 Bg7 6. e3 h6 7. Bh4 0-0 8. Bd3 e5 9. Nge2 c5 10. dxe5 dxe5 11. Qc2 Nc6 12. a3 Be6 13. 0-0-0 Qc7 14. Kb1 Qf7 15. Bxf6 Qxf6 16. Nd5 Qf7 17. g4 a6 18. Rhg1 b5 19. gxf5 gxf5 20. Rg2 Kh8 21. Rdg1 Rg8 22. Nec3 bxc4 23. Bxc4 Na5 24. Qa4 Nxc4 25. Qxc4 e4 26. fxe4 Rad8 27. Qxa6 fxe4 28. Rg6 Bf5 29. Rd6 Rb8 30. Rb6 Rbd8 31. Rd6 Rb8 32. Kc1 Bh7 33. Rb6 Rbd8 34. Rb7 Qf2 35. Rf1 Qxh2 36. Rff7 Qg1+ 37. Kc2 Qg2+ 38. Kb1 Qg1+ 39. Ka2 Qg6 40. Qa5 Rdf8 41. Rfc7 Rc8 42. Qxc5 Rxc7 43. Rxc7 Qe6 44. Re7 Qf5 45. Rc7 Re8 46. Qc6 Qe5 47. Rc8 Rxc8 48. Qxc8+ Bg8 49. Qd8 Kh7 50. a4 Qe6 51. Kb1 Qa6 52. Kc1 Qf1+ 53. Nd1 Qc4+ 54. N5c3 Be6 55. Qa8 Bf5 56. a5 Bc8 57. Qxe4+ Qxe4 58. Nxe4 Bf8 59. Nf6+ Kg6 60. Nd5 h5 61. b4 h4 62. Nf2 Kf5 63. e4+ Ke5 64. Kc2 Kd4 65. Kb3 h3 66. b5 Kc5 67. Nb6 Be6+ 68. Ka4 h2 69. Nd5 Bd7 70. Nc7 Bd6 71. Nd5 Bxb5+ 72. Kb3 Bg3 73. Nh1 Be1 74. Ne3 Be2 75. Nf5 Bxa5 76. Kc2 Bf3 77. Nfg3 Be1 78. Kd3 Bg2 79. Ke2 Ba5 80. Kf2 Bh3 81. Nf1 Bc7 82. Nhg3 Bxf1 83. Kxf1 Bxg3 84. Kg2 Bb8 85. e5 Bxe5 86. Kh1 Kd5 87. Kg2 Ke4 88. Kh1 Kf5 89. Kg2 Bg3 90. Kh1 Kg5 91. Kg2 Kh4 92. Kh1 Bc7 93. Kg2 Kg4 94. Kh1 Bd6 95. Kg2 Kf5 96. Kh1 Ke4 97. Kg2 Ke3 98. Kh1 Ke2 99. Kg2 Bg3 100. Kh1 Kf2 1/2-1/2

[Event "Agana op"]
[Site "Agana"]
[Date "2007.11.08"]
[Round "8"]
[White "Yilmaz, Turhan"]
[Black "Morchiashvili, Bachana"]
[Result "1-0"]
[WhiteElo "2330"]
[BlackElo "2439"]
[PlyCount "53"]
[EventDate "2007.11.02"]
[EventType "swiss"]
[EventRounds "9"]
[EventCountry "TUR"]
[SourceTitle "CBM 121 Extra"]
[Source "ChessBase"]
[SourceDate "2008.01.10"]
[SourceVersion "1"]
[SourceVersionDate "2008.01.10"]
[SourceQuality "1"]

1. e4 c6 2. d4 d5 3. f3 Qb6 4. Nc3 dxe4 5. Nxe4 g6 6. Qe2 Qxd4 7. Bd2 Qg7 8. 0-0-0 e5 9. Bc3 f6 10. f4 Nd7 11. Nf3 Be7 12. g3 Nh6 13. Bh3 Nf7 14. Be6 Nc5 15. Nxc5 Bxc5 16. Bxc8 Rxc8 17. fxe5 fxe5 18. Nxe5 Nxe5 19. Bxe5 Qe7 20. Rhe1 0-0 21. Qc4+ Rf7 22. Bd6 Qg5+ 23. Bf4 Qf5 24. Re5 Qxe5 25. Bxe5 Be7 26. Rf1 Rcf8 27. Qe6 1-0

[Event "Agana op"]
[Site "Agana"]
[Date "2007.11.07"]
[Round "7"]
[White "Erdogan, Hakan"]
[Black "Yilmaz, Turhan"]
[Result "0-1"]
[WhiteElo "2259"]
[BlackElo "2330"]
[PlyCount "140"]
[EventDate "2007.11.02"]
[EventType "swiss"]
[EventRounds "9"]
[EventCountry "TUR"]
[SourceTitle "CBM 121 Extra"]
[Source "ChessBase"]
[SourceDate "2008.01.10"]
[SourceVersion "1"]
[SourceVersionDate "2008.01.10"]
[SourceQuality "1"]

1. d4 Nf6 2. c4 g6 3. Nc3 Bg7 4. e4 0-0 5. Nf3 d6 6. Be2 Bg4 7. Be3 Nfd7 8. h3 Bxf3 9. Bxf3 c5 10. d5 Ne5 11. Be2 e6 12. 0-0 exd5 13. cxd5 Na6 14. Qd2 Nc7 15. a4 Nd7 16. Kh1 f5 17. Bg5 Bf6 18. Bh6 Bg7 19. exf5 gxf5 20. Bxg7 Kxg7 21. f4 Qh4 22. Qe1 Qxe1 23. Raxe1 Nf6 24. Bf3 h5 25. Re7+ Rf7 26. Rfe1 Kf8 27. R7e3 Re8 28. Rxe8+ Ncxe8 29. g3 Re7 30. Rxe7 Kxe7 31. a5 Nc7 32. Kg2 b5 33. axb6 axb6 34. Be2 h4 35. Bd3 Nfxd5 36. Ne2 hxg3 37. Kxg3 Kf6 38. Kf3 Ne6 39. Bc4 Ne7 40. Nc3 Nc7 41. h4 d5 42. Bd3 c4 43. Bb1 b5 44. Ne2 Ne6 45. Ke3 Nc6 46. b3 d4+ 47. Kf3 Nc5 48. bxc4 bxc4 49. Ba2 c3 50. Bb1 Nb3 51. Bc2 Nd2+ 52. Kg3 Nc4 53. Ba4 N4a5 54. h5 Kg7 55. Kf3 Kh6 56. Ng3 Ne7 57. Bc2 Nac6 58. Ke2 Nb4 59. Bd3 Nbd5 60. Bxf5 Nxf4+ 61. Kd1 Ned5 62. Be4 Ne3+ 63. Kc1 d3 64. Nf5+ Nxf5 65. Bxd3 Nd4 66. Be4 Nxh5 67. Bd3 Nf4 68. Be4 Nh3 69. Bd3 Nf2 70. Bc4 Kg5 0-1

[Event "Agana op"]
[Site "Agana"]
[Date "2007.11.05"]
[Round "5"]
[White "Aghayev, Nijat"]
[Black "Yilmaz, Turhan"]
[Result "1/2-1/2"]
[WhiteElo "2306"]
[BlackElo "2330"]
[PlyCount "129"]
[EventDate "2007.11.02"]
[EventType "swiss"]
[EventRounds "9"]
[EventCountry "TUR"]
[SourceTitle "CBM 121 Extra"]
[Source "ChessBase"]
[SourceDate "2008.01.10"]
[SourceVersion "1"]
[SourceVersionDate "2008.01.10"]
[SourceQuality "1"]

1. Nf3 Nf6 2. c4 g6 3. b3 Bg7 4. Bb2 0-0 5. g3 d6 6. d4 e5 7. dxe5 Ng4 8. Bg2 Nc6 9. 0-0 Ngxe5 10. Nxe5 dxe5 11. Nc3 Nd4 12. e3 Nf5 13. Qxd8 Rxd8 14. Rad1 Bd7 15. Bxb7 Rab8 16. Bg2 Be8 17. Rxd8 Rxd8 18. Rd1 Rxd1+ 19. Nxd1 f6 20. f4 exf4 21. exf4 Kf7 22. Bd5+ Ke7 23. Kf2 c6 24. Bg2 Kf7 25. Ne3 Nd6 26. c5 Nb7 27. b4 a5 28. a3 axb4 29. axb4 Bf8 30. Nc4 Be7 31. Bd4 Bd8 32. Bh3 Bc7 33. Bc8 Nd8 34. Nd6+ Bxd6 35. cxd6 Ne6 36. Bb6 Nf8 37. Ke3 Bd7 38. Ba6 Be6 39. Bd4 Bd7 40. Bc5 Be6 41. Kd4 Bd7 42. Ke3 Be6 43. Bb7 Bd7 44. g4 Ne6 45. Ba6 f5 46. g5 Ke8 47. Bd4 Kd8 48. Be5 Bc8 49. Bd3 Kd7 50. h4 Ke8 51. Bc4 Bd7 52. Kf3 Kd8 53. h5 Kc8 54. Bd3 Be8 55. Ba6+ Kd7 56. Bc4 Bf7 57. Bd3 Nd8 58. h6 Nb7 59. Ke3 Nxd6 60. Bxd6 Kxd6 61. Kd4 Be6 62. Be2 Bf7 63. Bd3 Be6 64. Be2 Bf7 65. Bd3 1/2-1/2

[Event "Olympiad-36"]
[Site "Mallorca"]
[Date "2004.10.24"]
[Round "9"]
[White "Zullkafli, Zarul Shazwan"]
[Black "Yilmaz, Turhan"]
[Result "0-1"]
[WhiteElo "2020"]
[BlackElo "2361"]
[PlyCount "99"]
[EventDate "2004.10.15"]
[EventType "team-swiss"]
[EventRounds "14"]
[EventCountry "ESP"]
[SourceTitle "CBM 104"]
[Source "ChessBase"]
[SourceDate "2005.01.27"]
[SourceVersion "1"]
[SourceVersionDate "2005.01.27"]
[SourceQuality "1"]
[WhiteTeam "Malaysia"]
[BlackTeam "Turkey"]
[WhiteTeamCountry "MAS"]
[BlackTeamCountry "TUR"]

1. e4 e5 2. Nf3 Nc6 3. Bc4 Bc5 4. 0-0 Nf6 5. Re1 a6 6. c3 Qe7 7. d4 Ba7 8. Bg5 d6 9. d5 Nb8 10. Nbd2 Nbd7 11. b4 h6 12. Be3 Nb6 13. Bf1 Ng4 14. Nc4 Nxe3 15. Nxe3 g6 16. c4 Nd7 17. Rc1 0-0 18. Bd3 c5 19. b5 Bb6 20. Re2 Ba5 21. Qb3 Nf6 22. Rb2 Bd8 23. Qc2 Nh5 24. bxa6 Rxa6 25. Rcb1 Nf4 26. Bf1 Kh7 27. g3 Nh5 28. Bg2 Ng7 29. Nh4 Qc7 30. Nf3 f5 31. exf5 Nxf5 32. Nd2 Bg5 33. Nxf5 gxf5 34. Bh3 Rf7 35. Nf3 Bd8 36. Kh1 e4 37. Ne1 Bf6 38. Rb3 Qa5 39. a3 Bg5 40. Ng2 Qd2 41. Qxd2 Bxd2 42. Ne3 Kg7 43. Rd1 Bxe3 44. fxe3 Kf6 45. Kg2 Ra4 46. Rc1 Ke5 47. Rcc3 b5 48. cxb5 Bb7 49. Kf2 Bxd5 50. Rb2 0-1

[Event "Olympiad-36"]
[Site "Mallorca"]
[Date "2004.10.22"]
[Round "7"]
[White "Maki Uuro, Miika"]
[Black "Yilmaz, Turhan"]
[Result "1/2-1/2"]
[WhiteElo "2390"]
[BlackElo "2361"]
[PlyCount "81"]
[EventDate "2004.10.15"]
[EventType "team-swiss"]
[EventRounds "14"]
[EventCountry "ESP"]
[SourceTitle "CBM 104"]
[Source "ChessBase"]
[SourceDate "2005.01.27"]
[SourceVersion "1"]
[SourceVersionDate "2005.01.27"]
[SourceQuality "1"]
[WhiteTeam "Finland"]
[BlackTeam "Turkey"]
[WhiteTeamCountry "FIN"]
[BlackTeamCountry "TUR"]

1. Nf3 Nf6 2. c4 g6 3. Nc3 Bg7 4. e4 d6 5. d4 0-0 6. Be2 Bg4 7. Be3 Nfd7 8. Rc1 e5 9. d5 Bxf3 10. Bxf3 f5 11. h4 f4 12. Bd2 Nc5 13. Rb1 a5 14. h5 Nbd7 15. hxg6 hxg6 16. Bg4 Nf6 17. Bh3 Kf7 18. Qf3 Rh8 19. Ke2 c6 20. g3 Rxh3 21. Rxh3 g5 22. g4 cxd5 23. cxd5 Qd7 24. a4 b5 25. axb5 Nb3 26. Ke1 Nd4 27. Qg2 Nxg4 28. f3 Nf6 29. Rh1 Kg6 30. Ne2 Nxe2 31. Qxe2 Rb8 32. Bxa5 Rxb5 33. b4 Rb8 34. Rc1 Bh6 35. Rc6 g4 36. fxg4 Kg5 37. Qf3 Rg8 38. Qh3 Rh8 39. Qf3 Rg8 40. Qh3 Rh8 41. Qf3 1/2-1/2

[Event "Olympiad-36"]
[Site "Mallorca"]
[Date "2004.10.15"]
[Round "1"]
[White "Hebden, Mark"]
[Black "Yilmaz, Turhan"]
[Result "1/2-1/2"]
[WhiteElo "2550"]
[BlackElo "2361"]
[PlyCount "117"]
[EventDate "2004.10.15"]
[EventType "team-swiss"]
[EventRounds "14"]
[EventCountry "ESP"]
[SourceTitle "CBM 104"]
[Source "ChessBase"]
[SourceDate "2005.01.27"]
[SourceVersion "1"]
[SourceVersionDate "2005.01.27"]
[SourceQuality "1"]
[WhiteTeam "England"]
[BlackTeam "Turkey"]
[WhiteTeamCountry "ENG"]
[BlackTeamCountry "TUR"]

1. d4 Nf6 2. Nf3 d6 3. Nc3 g6 4. e4 Bg7 5. Be3 c6 6. Qd2 b5 7. a3 a6 8. Bh6 0-0 9. h3 Ra7 10. Bd3 Rd7 11. e5 dxe5 12. dxe5 Ne8 13. Bxg7 Kxg7 14. Qe3 Nc7 15. h4 h5 16. 0-0-0 Ne6 17. Ne4 Rd5 18. Ng3 Qc7 19. Be4 Rxd1+ 20. Rxd1 Nd7 21. Bf5 Qb6 22. Bxe6 Qxe3+ 23. fxe3 fxe6 24. Ne4 c5 25. b4 cxb4 26. axb4 Nb6 27. Rd3 Kh6 28. Nc5 Nd5 29. c3 Nb6 30. Rd4 Nc4 31. Rf4 Rxf4 32. exf4 Ne3 33. g3 Kg7 34. Ng5 Nf5 35. Nge4 Kf7 36. Kd2 Ke8 37. Ke2 Kd8 38. Kf2 Kc7 39. Ng5 Kc6 40. Nb3 Kb6 41. Nf3 Bb7 42. Nfd4 Ng7 43. g4 hxg4 44. Kg3 Bf3 45. Nxf3 gxf3 46. Kxf3 Kc6 47. Ke4 Nf5 48. Nd4+ Nxd4 49. Kxd4 Kb6 50. Ke4 a5 51. bxa5+ Kxa5 52. Kd3 Kb6 53. Kc2 Kc6 54. Kb2 Kd5 55. Kc2 Kc6 56. Kb2 Kd5 57. Kc2 Kc6 58. Kb2 Kd5 59. Kc2 1/2-1/2

[Event "EU-ch 5th"]
[Site "Antalya"]
[Date "2004.05.28"]
[Round "12"]
[White "Yilmaz, Turhan"]
[Black "Chatalbashev, Boris"]
[Result "0-1"]
[WhiteElo "2311"]
[BlackElo "2543"]
[PlyCount "100"]
[EventDate "2004.05.15"]
[EventType "swiss"]
[EventRounds "13"]
[EventCountry "TUR"]
[SourceTitle "CBM 101"]
[Source "ChessBase"]
[SourceDate "2004.07.27"]
[SourceVersion "1"]
[SourceVersionDate "2004.07.27"]
[SourceQuality "1"]

1. e4 c5 2. Nf3 Nc6 3. Bb5 g6 4. Bxc6 bxc6 5. h3 Bg7 6. 0-0 d6 7. Qe2 e5 8. c3 a5 9. Rd1 Ba6 10. d3 Ne7 11. Qc2 f5 12. d4 fxe4 13. Qxe4 cxd4 14. cxd4 d5 15. Qg4 Be2 16. Re1 Bxf3 17. Qxf3 e4 18. Qc3 0-0 19. Na3 c5 20. Be3 Rc8 21. Qd2 Qb6 22. Nc2 c4 23. Rab1 Nc6 24. Red1 Rf7 25. b3 c3 26. Qxc3 Na7 27. Qb2 Nb5 28. Rd2 Rfc7 29. Na3 Nd6 30. Rc2 Nf5 31. Rxc7 Rxc7 32. Rd1 Nxe3 33. fxe3 Bh6 34. Re1 Bg5 35. Qf2 Rf7 36. Qg3 Qf6 37. Rc1 Bh4 38. Qe5 Bf2+ 39. Kh2 Qxe5+ 40. dxe5 Bxe3 41. Rc8+ Rf8 42. Rxf8+ Kxf8 43. Kg3 Ke7 44. Nc2 Bg1 45. Kf4 Ke6 46. b4 axb4 47. Nxb4 g5+ 48. Kxg5 d4 49. a4 d3 50. Na2 e3 0-1